मियाँ-बीवी राजी, तो.../ (Record no. 8699)

MARC details
000 -LEADER
fixed length control field 01135 a2200241 4500
005 - DATE AND TIME OF LATEST TRANSACTION
control field 20080916155327.0
008 - FIXED-LENGTH DATA ELEMENTS--GENERAL INFORMATION
fixed length control field 080916t xxu||||| |||| 00| 0 hin d
010 ## - LCCN (DPL NO)
LC control number HIN-81656
020 ## - INTERNATIONAL STANDARD BOOK NUMBER
International Standard Book Number 819030948x
Terms of availability 150.00
035 ## - SYSTEM CONTROL NUMBER
System control number HN-54002
037 ## - SOURCE OF ACQUISITION
Source of stock number/acquisition पु.प्र.अ.प्र/प्रका
082 ## - DEWEY DECIMAL CLASSIFICATION NUMBER
Classification number 827
100 ## - MAIN ENTRY--PERSONAL NAME
Personal name सिद्धनाथ कुमार
245 ## - TITLE STATEMENT
Title मियाँ-बीवी राजी, तो.../
Statement of responsibility, etc सिद्धनाथ कुमार
246 ## - VARYING FORM OF TITLE
Title proper/short title Miyan-Bivi Razi to....
Remainder of title bySiddhnath Kumar
260 ## - PUBLICATION, DISTRIBUTION, ETC. (IMPRINT)
Place of publication, distribution, etc दिल्ली
Name of publisher, distributor, etc रितिका प्रकाशन
Date of publication, distribution, etc 2007
270 ## - ADDRESS
Address 77/1,ईस्ट आजाद नगर
City दिल्ली
Postal code 110051
300 ## - PHYSICAL DESCRIPTION
Extent 96पृ
Dimensions 22 सेमी (सजिल्द)
650 ## - SUBJECT ADDED ENTRY--TOPICAL TERM
Topical term or geographic name as entry element हिन्दी हास्य व्यंग्य
650 ## - SUBJECT ADDED ENTRY--TOPICAL TERM
Topical term or geographic name as entry element Hindi Satires
942 ## - ADDED ENTRY ELEMENTS (KOHA)
Institution code [OBSOLETE] dpl
Item type Hindi Books
Call number prefix 827 / सिद्धना
Source of classification or shelving scheme Dewey Decimal Classification
Classification part 827
Call number suffix सिद्धना
Holdings
Withdrawn status Lost status Source of classification or shelving scheme Damaged status Not for loan Home library Current library Date acquired Cost, normal purchase price Total Checkouts Full call number Barcode Date last seen Copy number Cost, replacement price Koha item type
    Dewey Decimal Classification     D.B.Act.Division D.B.Act.Division 16/09/2008 150.00   827 सिद्धना HN-54002 15/09/2008 1 150.00 Hindi Books

© Delhi Public Library
Hit Counter
free hit counter